000 00957nam a22002297a 4500
001 41587
003 BD-RjUL
005 20211209053421.0
008 160602s1981 ii ||||| |||| 00| 0 ben d
035 _a(BD-RjUL)41705
040 _aBD-RjUL
_bben
_cBD-RjUL
041 _aben
082 _223
_a 891.4409
_bCHB 1981
100 _aচট্রোপাধ্যায়, সুনীলকুমার
_9127779
245 1 0 _aবিভূতিভূণ : জীবন ও সাহিত্য /
_cসুনীলকুমার চট্রোপাধ্যায়
250 _a২য় সং.
260 _aকলিকাতা :
_bজিজ্ঞাসা,
_c১৯৮১
300 _a[১৬], ৩৮৮ পৃ. ;
_c২অ সেমি.
650 _aবাংলা সাহিত্য
_xইতিহাস ও সমালোচনা
_9127780
650 _aBengali Literature
_xHistory & Criticism
_9127781
942 _2ddc
_cBK
999 _c41587
_d41587